| 000 | 00863cam a2200205 a 4500 | ||
|---|---|---|---|
| 040 | _cDLC | ||
| 082 | _a333 FAO 2021 C101 Or. | ||
| 245 | 0 | 0 | _aRegional overview of food security in Latin America and the Caribbean with a focus on agricultural research, technology transfer and application / |
| 260 |
_aSan Jose, Costa Rica : _bInter-American Institute for Cooperation on Agriculture, _c1991. |
||
| 300 |
_aviii, 100 p. : _bill. ; _c28 cm. |
||
| 490 | 1 | _aReports, results and recommendations from technical events series, | |
| 500 | _a"Program II: Technology Generation and Transfer." | ||
| 500 | _a"January 1991." | ||
| 650 | 0 | _aFood supply | |
| 650 | 0 | _aFood supply | |
| 650 | 0 | _aAgriculture | |
| 650 | 0 | _aAgriculture | |
| 710 | 2 | _aProgram II--Technology Generation and Transfer (Inter-American Institute for Cooperation on Agriculture) | |
| 942 | _cAEDBB | ||
| 999 |
_c20869 _d20869 |
||